000 02402nam a22002777a 4500
001 23084
003 UA-OsUOA
005 20230504161210.0
007 ta
008 20040106b un ||||| |||| 00| 0 ukr d
020 _a9667742091
040 _aUA-OsUOA
_bukr
_cUA-OsUOA
_dUA-OsUOA
041 _aukr
044 _aUA
080 _a2(091)(477)
090 _a2(091)(477)
_bІ-90
245 _aІсторія релігії в Україні: у 10-ти т.
_cза ред. П. Яроцького
260 _aК.
_bСвіт знань
_c2001
300 _a598 с.
505 _gТ. 4
520 _aУ книзі дається повний виклад історії католицизму в Україні від княжої доби до відновлення незалежності України в 1991 р. Оскільки католицизм в Україні, починаючи з кінця XVI ст., представлений двома конфесіями - Римо-католицькою і Греко-католицькою церквами і відповідно двома обрядами - латинським і східним (візантійсько-православним), роль і місце яких в історії й культури України часто не співпадали, то історія цих двох течій християнства на українських теренах досліджується окремо. Послідовно висвітлюються різні періоди буття і функціонування католицизму на українській землі: за умов княжої України-Руси, під час Литовсько-Польської держави, в період підготовки і проведення Берестейської унії, в Речі Посполитій до її поділів в 1772-1795 рр., під владою Російської і Австро-Угорської імперії, під час радянської влади, а також на західноукраїнських землях у міжвоєнній Польщі (1918-1939 рр.)
650 7 _a2 Релігія. Теологія.
_2UDC
942 _cBK
_2udc
955 _a2
999 _c309323
_d309323